000 01096nam a2200265 i 4500
001 176909
003 ES-MaACL
005 20250807061407.0
007 t|
008 110217s1970 sp f ||||1| spa d
080 _a94(460.41)"1605/1659"(093)
110 0 _aFuerteventura.
_bCabildo Insular.
_94193
245 1 0 _aAcuerdos del Cabildo de Fuerteventura, 1605-1659 /
_cedición y estudio de Roberto Roldán Verdejo ; con la colaboración de Candelaria Delgado González.
260 _aLa Laguna de Tenerife :
_b[Instituto de Estudios Canarios],
_c1970.
300 _a432, [7] p. de lám. bl. y n. ;
_c25 cm.
490 1 _aFontes rerum Canariarum : colección de textos y documentos para la historia de Canarias ;
_v17
500 _aÍndice.
651 4 _aCanarias-
_xHistoria-
_vFuentes.
_9145261
700 1 _aRoldán Verdejo, Roberto.
_999155
700 1 _aDelgado González, Candelaria.
_9145263
710 2 _aInstituto de Estudios Canarios.
_94891
830 0 0 _aFontes rerum Canariarum
_v17
_9190299
852 _aES-MaACL
_jE-14349
_xOlim P-648
999 _c176909
_d176909